Jack Dylan Grazer - Roles by Picture - Statistics

General Stats
  • This quiz has been taken 29 times
  • The average score is 5 of 11
Answer Stats
Picture Answer % Correct
Eddie Kaspbrak
77%
Alberto Scorfano
73%
Freddy Freeman
59%
Adam
41%
Barney Pudowski
41%
Jonathan Kent
41%
Fraser Wilson
36%
Joey
36%
Nic Sheff (12 Years Old)
32%
Young Alex Riley
32%
Rev
27%
No matching quizzes found
Score Distribution
Percent of People with Each Score
Percentile by Number Answered
Your Score History
You have not taken this quiz